[Event "Astana Zhuldyzdary Open A"]
[Site "Astana KAZ"]
[Date "2023.07.11"]
[Round "1.1"]
[White "Maevsky, Nikolay"]
[Black "Niemann, Hans Moke"]
[Result "0-1"]
[WhiteTitle "FM"]
[BlackTitle "GM"]
[WhiteElo "2277"]
[BlackElo "2674"]
[WhiteFideId "4198220"]
[BlackFideId "2093596"]
[EventDate "2023.07.11"]

1. Nf3 d5 2. c4 d4 3. b4 c5 4. g3 Nf6 5. Bg2 cxb4 6. a3 bxa3 7. Bxa3 Nc6 8. O-O
g6 9. d3 Bg7 10. Nbd2 O-O 11. Qc2 h6 12. Rfb1 Qc7 13. Nb3 Rd8 14. Bc5 e5 15.
Nbd2 Be6 16. Ne1 b6 17. Ba3 Rac8 18. Qb2 Qd7 19. Nc2 e4 20. Nxe4 Nxe4 21. Bxe4
Bxc4 22. Nb4 Nxb4 23. Bxb4 Be6 24. Ra6 Rc7 25. Rba1 Rdc8 26. Qa3 Qb5 27. Bf3 Rc3
28. Bxc3 dxc3 29. e3 c2 30. d4 c1=Q+ 0-1

[Event "Astana Zhuldyzdary Open A"]
[Site "Astana KAZ"]
[Date "2023.07.11"]
[Round "1.2"]
[White "Sargsyan, Shant"]
[Black "Bizhigitov, Zhangir"]
[Result "1-0"]
[WhiteTitle "GM"]
[BlackTitle "FM"]
[WhiteElo "2654"]
[BlackElo "2255"]
[WhiteFideId "13306766"]
[BlackFideId "13725599"]
[EventDate "2023.07.11"]

1. e4 e6 2. d4 d5 3. e5 c5 4. c3 Nc6 5. Nf3 Bd7 6. Be2 Nge7 7. O-O Ng6 8. Be3
Qb6 9. Qd2 Be7 10. Na3 O-O 11. g3 cxd4 12. cxd4 f6 13. exf6 Bxf6 14. h4 Nge7 15.
g4 Nc8 16. g5 Be7 17. Ne5 Qd8 18. Nb5 a6 19. Nc3 Nd6 20. f4 Nf5 21. Bf2 Rc8 22.
Kh2 Nxe5 23. fxe5 h6 24. Rg1 hxg5 25. hxg5 g6 26. Rg2 Kg7 27. Rh1 Rh8+ 28. Kg1
Qa5 29. Rxh8 Rxh8 30. Bd3 Rh3 31. Bxf5 exf5 32. Be3 Be6 33. Rh2 Rg3+ 34. Kf2 Rg4
35. Qc1 f4 36. Bxf4 Qd8 37. Kf3 Bxg5 38. Bxg5 Rxg5 39. Qh1 Qf8+ 40. Ke2 Qg8 41.
Qc1 Qd8 42. Qh1 Qg8 43. Kd2 Rg4 44. Ne2 Bf5 45. Rh4 Rxh4 46. Qxh4 Qf8 47. a3 Qc8
48. Ke1 Qc4 49. Qf6+ Kh6 50. e6 Bg4 51. Qh8+ Kg5 52. Qe5+ Kh4 53. e7 g5 1-0

[Event "Astana Zhuldyzdary Open A"]
[Site "Astana KAZ"]
[Date "2023.07.11"]
[Round "1.3"]
[White "Abdilkhair, Abilmansur"]
[Black "Petrosyan, Manuel"]
[Result "1/2-1/2"]
[WhiteTitle "FM"]
[BlackTitle "GM"]
[WhiteElo "2248"]
[BlackElo "2627"]
[WhiteFideId "13716417"]
[BlackFideId "13300857"]
[EventDate "2023.07.11"]

1. e4 e5 2. Nf3 Nc6 3. d4 exd4 4. Nxd4 Nf6 5. Nxc6 bxc6 6. e5 Qe7 7. Qe2 Nd5 8.
h4 Qe6 9. Nd2 a5 10. c4 Nb6 11. g3 Bb4 12. a3 Bxd2+ 13. Bxd2 Ba6 14. Rc1 Nxc4
15. Rxc4 d5 16. exd6 Bxc4 17. Qxe6+ Bxe6 18. dxc7 Kd7 19. Bf4 a4 20. Bg2 Rhc8
21. Kd2 Rxc7 22. Bxc7 Kxc7 23. Rc1 Ra6 24. Be4 Rb6 25. Kc2 h6 26. Re1 Kd6 27.
Bd3 c5 28. Kc1 Bb3 29. Bc2 Bxc2 30. Kxc2 Kd5 31. Re7 Rf6 32. f4 Rg6 33. Rxf7
Rxg3 34. f5 Rg4 35. Kc3 h5 36. Re7 Rg3+ 37. Kc2 Rg2+ 38. Kc3 Rg4 39. Kd3 Rd4+
40. Kc2 Rxh4 41. Rxg7 Rf4 42. f6 Rxf6 43. Rg5+ 1/2-1/2

[Event "Astana Zhuldyzdary Open A"]
[Site "Astana KAZ"]
[Date "2023.07.11"]
[Round "1.4"]
[White "Rakhmanov, Aleksandr"]
[Black "Balabayeva, Xeniya"]
[Result "1-0"]
[WhiteTitle "GM"]
[BlackTitle "WIM"]
[WhiteElo "2620"]
[BlackElo "2239"]
[WhiteFideId "4173708"]
[BlackFideId "13719688"]
[EventDate "2023.07.11"]

1. d4 d5 2. c4 e6 3. Nc3 Nf6 4. cxd5 exd5 5. Bg5 Be7 6. e3 c6 7. Bd3 Nbd7 8. h3
O-O 9. Qc2 Re8 10. Nf3 Nf8 11. O-O Ne4 12. Bf4 f5 13. Ne5 Bf6 14. b4 Bxe5 15.
Bxe5 Ng6 16. f4 Nxe5 17. fxe5 Qg5 18. Rf3 Qh6 19. b5 Bd7 20. bxc6 bxc6 21. Na4
Ng5 22. Rf2 Ne6 23. Bxf5 Qxe3 24. Bxe6+ Bxe6 25. Qd2 Qxd2 26. Rxd2 Rab8 27. Rc1
Rb4 28. Nc5 Bf5 29. Rc3 a5 30. Ra3 Ra8 31. Rf3 Bg6 32. Kh2 a4 33. a3 Rc4 34.
Rdf2 h6 35. Ne6 Be4 36. Rf8+ Rxf8 37. Rxf8+ Kh7 38. Rf7 Kg6 39. Rxg7+ Kf5 40.
Nc5 Rc2 41. Nxa4 Kf4 42. e6 1-0

[Event "Astana Zhuldyzdary Open A"]
[Site "Astana KAZ"]
[Date "2023.07.11"]
[Round "1.5"]
[White "Sisabayev, Kuanysh"]
[Black "Kovalev, Vladislav"]
[Result "1-0"]
[WhiteTitle "FM"]
[BlackTitle "GM"]
[WhiteElo "2235"]
[BlackElo "2603"]
[WhiteFideId "13702718"]
[BlackFideId "13504398"]
[EventDate "2023.07.11"]

1. e4 e5 2. Nf3 Nc6 3. Bc4 Nf6 4. d3 Bc5 5. c3 a6 6. O-O d6 7. Be3 Bxe3 8. fxe3
Ne7 9. Nh4 c6 10. Nd2 d5 11. Bb3 Be6 12. d4 Qc7 13. exd5 cxd5 14. Qe2 O-O 15.
Rxf6 gxf6 16. Rf1 Ng6 17. Qh5 Kg7 18. Bc2 Rae8 19. Ndf3 e4 20. Nd2 b5 21. Nb3 b4
22. Nc5 bxc3 23. bxc3 Bc8 24. Bb3 Qa5 25. Rc1 Qa3 26. Rc2 Rd8 27. Nf5+ Bxf5 28.
Qxf5 Ne7 29. Qg4+ Ng6 30. Qh5 Ne7 31. h4 Rd6 32. Qg4+ Kh8 33. Qf4 Rc6 34. Nd7
Rfc8 35. Nc5 Qa5 36. h5 Qc7 37. Qf2 Rg8 38. c4 Rg5 39. cxd5 Nxd5 40. h6 Qe7 41.
Bxd5 Rxd5 42. Rb2 Qd6 43. Rb7 f5 44. Rd7 Qxd7 45. Nxd7 Rxd7 46. Qxf5 Re7 47. d5
Rg6 48. Qc8+ Rg8 49. Qc3+ 1-0

[Event "Astana Zhuldyzdary Open A"]
[Site "Astana KAZ"]
[Date "2023.07.11"]
[Round "1.6"]
[White "Sethuraman, S.P."]
[Black "Kvan, Andrey"]
[Result "1-0"]
[WhiteTitle "GM"]
[WhiteElo "2602"]
[BlackElo "2228"]
[WhiteFideId "5021596"]
[BlackFideId "13701738"]
[EventDate "2023.07.11"]

1. e4 c6 2. d4 d5 3. e5 c5 4. dxc5 e6 5. Qg4 Nc6 6. Nf3 h5 7. Qf4 Bxc5 8. Nc3
Qb6 9. Bd3 Qb4 10. Qd2 Be7 11. O-O Bd7 12. a3 Qa5 13. Qf4 Nh6 14. Bd2 a6 15. Ne4
Qd8 16. Neg5 Bxg5 17. Nxg5 Qc7 18. Rfe1 Ne7 19. Qf3 O-O-O 20. Nxf7 Nxf7 21. Qxf7
Nc6 22. Qf4 h4 23. h3 Rdf8 24. Qg5 Qb6 25. Be3 Qxb2 26. Bc5 Re8 27. Qd2 d4 28.
Rab1 Qc3 29. Qxc3 dxc3 30. Rb3 g5 31. Rxc3 Rhg8 32. f3 Rg7 33. Rb1 Reg8 34. Bd6
Be8 35. Bc4 Rg6 36. Rb6 Rh6 37. Kf2 Rhg6 38. Ke3 Rh6 39. Bxa6 bxa6 40. Rcxc6+
Bxc6 41. Rb8+ Kd7 42. Rxg8 Ba4 43. c4 1-0

[Event "Astana Zhuldyzdary Open A"]
[Site "Astana KAZ"]
[Date "2023.07.11"]
[Round "1.8"]
[White "Ponkratov, Pavel"]
[Black "Arestanov, Timur"]
[Result "1-0"]
[WhiteTitle "GM"]
[BlackTitle "FM"]
[WhiteElo "2589"]
[BlackElo "2216"]
[WhiteFideId "4157800"]
[BlackFideId "13701304"]
[EventDate "2023.07.11"]

1. e4 c6 2. d4 d5 3. e5 Bf5 4. Nd2 e6 5. Nb3 a5 6. a4 Nd7 7. Nf3 f6 8. Bd3 Bg4
9. h3 Bh5 10. g4 Bg6 11. Bxg6+ hxg6 12. Qe2 Kf7 13. Bd2 Qb6 14. O-O-O Bb4 15.
Rde1 Bxd2+ 16. Qxd2 g5 17. exf6 gxf6 18. h4 gxh4 19. Qf4 Ke7 20. Nxh4 Kf7 21.
Nf3 Rxh1 22. Rxh1 Nf8 23. Nc5 Re8 24. Ng5+ Kg7 25. Qh2 fxg5 26. Qh8+ Kg6 27.
Qxg8+ Kf6 28. Rh7 Nxh7 29. Nd7+ 1-0

[Event "Astana Zhuldyzdary Open A"]
[Site "Astana KAZ"]
[Date "2023.07.11"]
[Round "1.9"]
[White "Doschanov, Zhaslan"]
[Black "Moiseenko, Alexander"]
[Result "0-1"]
[BlackTitle "GM"]
[WhiteElo "2193"]
[BlackElo "2575"]
[WhiteFideId "13701207"]
[BlackFideId "14102560"]
[EventDate "2023.07.11"]

1. d4 Nf6 2. Nf3 e6 3. Bf4 Be7 4. c4 O-O 5. h3 d5 6. e3 c5 7. dxc5 Bxc5 8. Qc2
Nc6 9. a3 d4 10. b4 e5 11. Bg5 e4 12. Nfd2 Be7 13. c5 Bf5 14. Bb5 h6 15. Bxc6
bxc6 16. Bh4 a5 17. bxa5 Nd5 18. Bxe7 Qxe7 19. exd4 e3 20. Qxf5 exf2+ 21. Kxf2
Qe3+ 22. Kf1 Qxd4 23. Nb3 Qd1+ 24. Kf2 Qxb3 25. Qe5 Qc2+ 26. Kg1 Rfe8 27. Qg3
Qb2 0-1

[Event "Astana Zhuldyzdary Open A"]
[Site "Astana KAZ"]
[Date "2023.07.11"]
[Round "1.10"]
[White "Aditya, Mittal"]
[Black "Loskutova, Viktoriya"]
[Result "1/2-1/2"]
[WhiteTitle "GM"]
[BlackTitle "WFM"]
[WhiteElo "2563"]
[BlackElo "2185"]
[WhiteFideId "35042025"]
[BlackFideId "34166278"]
[EventDate "2023.07.11"]

1. e4 c5 2. Nf3 Nc6 3. Bb5 e6 4. O-O Nge7 5. Re1 Ng6 6. c3 Be7 7. d4 cxd4 8.
cxd4 d5 9. e5 O-O 10. g3 f6 11. exf6 Bb4 12. Bd2 Qxf6 13. Bxc6 Bxd2 14. Nbxd2
bxc6 15. Rc1 Rb8 16. b3 Bd7 17. Qe2 Rbe8 18. Ne5 Nxe5 19. dxe5 Qe7 20. Qe3 Qb4
21. Rc2 Ra8 22. f4 a5 23. Qc5 Qxc5+ 24. Rxc5 a4 25. Rc2 Rfb8 26. Kf2 Kf8 27. Re3
Ke7 28. Nf3 Rb4 29. Rd3 axb3 30. axb3 Ra5 31. Rdc3 c5 32. Rxc5 Rxc5 33. Rxc5
Rxb3 34. Rc2 Rb4 35. Ra2 Ra4 36. Rxa4 Bxa4 37. Ke3 h5 38. Nd4 g6 39. Ke2 Bd7 40.
Kf3 Ba4 41. Kg2 Bd1 42. Kh3 Bg4+ 43. Kh4 Kf7 44. h3 Bf5 45. g4 hxg4 46. hxg4 Be4
47. Kg5 Bd3 48. Kh4 Be4 49. Kg3 Ke7 50. Kf2 Kf7 51. Ke3 Ke7 52. Kd2 Kf7 53. Kc3
Bg2 54. g5 Ke7 55. Kb4 Be4 56. Kb5 Kd7 57. Kb6 Bd3 58. Nb3 Bf5 59. Nc5+ Kd8 60.
Kc6 Ke7 61. Kc7 Bc2 62. Nb7 Bd3 63. Kc6 Be4 64. Nd6 Bd3 65. Nc8+ Kd8 66. Nb6 Ke7
67. Nc8+ Kd8 68. Na7 Ke7 69. Kc7 Bf5 70. Nc6+ Ke8 71. Kd6 Bh3 72. Nd4 Bg4 73.
Nb5 Bh3 74. Nc7+ Kf7 75. Kd7 Bf5 76. Nb5 Bh3 77. Nd6+ Kf8 78. Nb7 d4 79. Nc5 Bf5
80. Nb3 d3 81. Nd2 Kf7 82. Nc4 Kf8 83. Nd2 Kf7 84. Nc4 Kf8 85. Nd2 1/2-1/2

[Event "Astana Zhuldyzdary Open A"]
[Site "Astana KAZ"]
[Date "2023.07.11"]
[Round "1.11"]
[White "Temirov, Bakhyt"]
[Black "Alekseev, Evgeny"]
[Result "0-1"]
[WhiteTitle "FM"]
[BlackTitle "GM"]
[WhiteElo "2166"]
[BlackElo "2563"]
[WhiteFideId "13704745"]
[BlackFideId "4138147"]
[EventDate "2023.07.11"]

1. Nf3 c5 2. d4 cxd4 3. Qxd4 Nc6 4. Qa4 g6 5. c3 Bg7 6. e4 d6 7. Be2 Bd7 8. O-O
Nf6 9. Bg5 h6 10. Bh4 Nh5 11. Nbd2 Nd4 12. Qd1 Nxe2+ 13. Qxe2 g5 14. Bg3 Qb6 15.
e5 Nxg3 16. hxg3 O-O 17. exd6 exd6 18. Nb3 Bb5 19. Qd2 Bxf1 20. Rxf1 Rfe8 21.
Nbd4 Qc5 22. Rd1 Re4 23. Nb3 Qc7 24. Qxd6 Qxd6 25. Rxd6 Rae8 26. Nbd2 R4e6 27.
Rxe6 Rxe6 28. Kf1 Kf8 29. Ne1 Ke7 30. g4 Ra6 31. a3 Ke6 32. Nd3 Rc6 33. Ke2 f5
34. gxf5+ Kxf5 35. f3 h5 36. Nf1 Kg6 37. Ne3 Bf6 38. Nf2 Be5 39. Ne4 Re6 40. Nd5
Bb8 41. Kd3 b5 42. Ne3 Bf4 43. Nc2 Re8 44. Nd4 a6 45. b3 Be5 46. Nc6 g4 47. fxg4
hxg4 48. c4 bxc4+ 49. bxc4 Kf5 50. Nd4+ Kg6 51. Nc6 Bb2 52. a4 Re6 53. Nb4 Kf5
54. Ng3+ Ke5 55. Nd5 Bd4 56. Ne2 Ba7 57. Nef4 Rh6 58. a5 Bc5 59. g3 Bf2 60. Ne2
Rh1 61. Nb4 Ra1 62. Nxa6 Rxa5 63. Nb4 Ra3+ 64. Kd2 Ke4 65. Nc3+ Kf3 66. Nd3 Be3+
67. Kc2 Kxg3 68. c5 Ra8 69. Nd5 Bxc5 0-1

[Event "Astana Zhuldyzdary Open A"]
[Site "Astana KAZ"]
[Date "2023.07.11"]
[Round "1.12"]
[White "Lobanov, Sergei"]
[Black "Rakhimzhan, Alen"]
[Result "1-0"]
[WhiteTitle "GM"]
[BlackTitle "FM"]
[WhiteElo "2547"]
[BlackElo "2154"]
[WhiteFideId "24183750"]
[BlackFideId "13707213"]
[EventDate "2023.07.11"]

1. e4 e5 2. Nf3 Nc6 3. Bb5 Nf6 4. d3 Bc5 5. Bxc6 dxc6 6. Nbd2 Nd7 7. Nc4 Qe7 8.
O-O O-O 9. Bd2 Bd6 10. a4 c5 11. Ne3 Nb8 12. Kh1 Nc6 13. g4 g6 14. Nd5 Qd8 15.
Rg1 f6 16. Rg3 Be6 17. Ne3 Nd4 18. Nh4 Qd7 19. Qf1 Rf7 20. b3 Bf8 21. Rd1 Qc6
22. Nhg2 Bh6 23. Nf5 Bxd2 24. Rxd2 Kh8 25. Nh6 Rff8 26. f4 exf4 27. Nxf4 Rae8
28. Rf2 Kg7 29. Nf5+ Bxf5 30. gxf5 Nxf5 31. Rg1 Nd4 32. Nh5+ Kh8 33. Nxf6 Re7
34. Rxg6 Qe6 35. Rh6 Ref7 36. c3 Nxb3 37. Rf5 c4 38. Qh3 Qe7 39. Rfh5 Qxf6 40.
Rxf6 Rxf6 41. Rxh7+ Kg8 42. Rh8+ Kf7 43. Qd7+ 1-0

[Event "Astana Zhuldyzdary Open A"]
[Site "Astana KAZ"]
[Date "2023.07.11"]
[Round "1.13"]
[White "Balmagambetov, Timur"]
[Black "Muradli, Mahammad"]
[Result "0-1"]
[BlackTitle "GM"]
[WhiteElo "2143"]
[BlackElo "2546"]
[WhiteFideId "13730258"]
[BlackFideId "13409301"]
[EventDate "2023.07.11"]

1. e4 c5 2. Nf3 d6 3. Bb5+ Bd7 4. Bxd7+ Qxd7 5. O-O Nf6 6. Qe2 Nc6 7. c3 e6 8.
d4 cxd4 9. cxd4 d5 10. e5 Ne4 11. Nbd2 Nxd2 12. Bxd2 Be7 13. g3 O-O 14. Kg2 Rac8
15. Rac1 a6 16. h4 Na7 17. Bg5 h6 18. Bxe7 Qxe7 19. Qd2 Rxc1 20. Rxc1 Rc8 21.
Rxc8+ Nxc8 22. Qa5 Kf8 23. Kf1 Qd7 24. Ke1 h5 25. Kd2 Ne7 26. Qb6 Nf5 27. Ne1
Kg8 28. Nc2 Qa4 29. Qb3 Qxb3 30. axb3 g5 31. hxg5 Kg7 32. b4 Kg6 33. Kd3 Kxg5
34. Ne3 b6 35. Nf1 Kg4 36. Nd2 b5 37. b3 Ne7 38. Ke3 Nc6 39. Nb1 Nxb4 40. Na3
Nc6 41. Nc2 a5 42. Na3 a4 43. bxa4 bxa4 44. Nb5 Ne7 0-1

[Event "Astana Zhuldyzdary Open A"]
[Site "Astana KAZ"]
[Date "2023.07.11"]
[Round "1.14"]
[White "Bernadskiy, Vitaliy"]
[Black "Voinikonis, Nikita"]
[Result "1-0"]
[WhiteTitle "GM"]
[BlackTitle "FM"]
[WhiteElo "2545"]
[BlackElo "2133"]
[WhiteFideId "14100371"]
[BlackFideId "34187500"]
[EventDate "2023.07.11"]

1. e4 c5 2. Nf3 e6 3. d4 cxd4 4. Nxd4 a6 5. Nd2 Nc6 6. Nxc6 bxc6 7. e5 d5 8.
exd6 Bxd6 9. Nc4 Bb4+ 10. c3 Qxd1+ 11. Kxd1 Bc5 12. b4 Bxf2 13. Nd6+ Ke7 14.
Nxc8+ Rxc8 15. Bxa6 Rd8+ 16. Ke2 Bb6 17. Bb7 Nf6 18. Bxc6 Rc8 19. b5 Nd7 20.
Ba3+ Bc5 21. Rad1 Bxa3 22. Rxd7+ Kf8 23. Rf1 f5 24. Rf4 g5 25. Ra4 Bc5 26. Ra6
Rb8 27. a4 1-0

[Event "Astana Zhuldyzdary Open A"]
[Site "Astana KAZ"]
[Date "2023.07.11"]
[Round "1.15"]
[White "Bulatov, Ramil"]
[Black "Nikitenko, Mihail"]
[Result "0-1"]
[BlackTitle "GM"]
[WhiteElo "2132"]
[BlackElo "2540"]
[WhiteFideId "4166140"]
[BlackFideId "13506862"]
[EventDate "2023.07.11"]

1. d4 Nf6 2. c4 e6 3. Nf3 d5 4. Nc3 c6 5. g3 dxc4 6. Bg2 b5 7. O-O Bb7 8. e4
Nbd7 9. e5 Nd5 10. Ng5 N7b6 11. Qh5 Qd7 12. Nce4 g6 13. Qf3 h6 14. Nf6+ Nxf6 15.
Qxf6 Rg8 16. Nh7 Be7 17. Bxh6 Qxd4 18. Rad1 Qxb2 19. Qf4 Nd5 20. Bxd5 cxd5 21.
Bg5 Qa3 22. Bxe7 Kxe7 23. Rfe1 c3 24. Rd3 Qc5 25. Qg5+ Kd7 26. Nf6+ Kc7 27. Rxc3
Qxc3 28. Rc1 Qc4 29. Nxg8 Rxg8 30. Qe7+ Kb8 31. Rxc4 dxc4 32. Qxf7 Rd8 33. f3 c3
34. Qxg6 Rc8 35. Qc2 Bxf3 36. Kf2 Be4 37. Qc1 c2 38. Ke3 Bh7 39. a4 b4 40. a5
Rc3+ 41. Ke2 b3 42. a6 Kc8 43. Qh6 Bd3+ 44. Kf2 Rc6 45. Qf8+ Kc7 46. Qe7+ Kb6
47. Qb7+ Kc5 48. Qxa7+ Kc4 49. Qd7 Rxa6 50. Qc7+ Kd4 51. Kf3 b2 0-1

[Event "Astana Zhuldyzdary Open A"]
[Site "Astana KAZ"]
[Date "2023.07.11"]
[Round "1.16"]
[White "Goganov, Aleksey"]
[Black "Lupolov, Boris"]
[Result "1-0"]
[WhiteTitle "GM"]
[WhiteElo "2531"]
[BlackElo "2121"]
[WhiteFideId "24109959"]
[BlackFideId "44130457"]
[EventDate "2023.07.11"]

1. d4 Nf6 2. c4 e6 3. Nf3 b6 4. g3 Bb7 5. Bg2 Be7 6. O-O O-O 7. Nc3 Ne4 8. Bd2
f5 9. Ne5 Nxc3 10. Bxc3 Bxg2 11. Kxg2 d6 12. Nf3 Nd7 13. Qd3 Qc8 14. e4 f4 15.
b4 Qb7 16. a4 Rf7 17. Bd2 fxg3 18. fxg3 Raf8 19. d5 exd5 20. exd5 Bf6 21. Rae1
Ne5 22. Nxe5 Bxe5 23. Rxf7 Rxf7 24. Bf4 Bxf4 25. Re8+ Rf8 26. Rxf8+ Kxf8 27.
Qf5+ Kg8 28. Qd7 g5 29. gxf4 gxf4 30. Qd8+ Kf7 31. b5 Kg6 32. Kf3 Kf5 33. h4 h6
34. h5 Ke5 35. Qh8+ 1-0

[Event "Astana Zhuldyzdary Open A"]
[Site "Astana KAZ"]
[Date "2023.07.11"]
[Round "1.17"]
[White "Mazhkenov, Alisher"]
[Black "Harutyunyan, Tigran K."]
[Result "0-1"]
[BlackTitle "GM"]
[WhiteElo "2119"]
[BlackElo "2526"]
[WhiteFideId "13718983"]
[BlackFideId "13303635"]
[EventDate "2023.07.11"]

1. e4 e5 2. Nf3 Nc6 3. Bb5 a6 4. Ba4 Nf6 5. O-O Be7 6. Re1 b5 7. Bb3 O-O 8. a4
b4 9. a5 d6 10. c3 Rb8 11. d3 Be6 12. Ba4 bxc3 13. bxc3 Nxa5 14. Bc2 c5 15. d4
Qc7 16. d5 Bd7 17. Bg5 h6 18. Bxf6 Bxf6 19. Nbd2 c4 20. Ra2 Bb5 21. Qa1 Nb7 22.
Rb1 Nc5 23. Rb4 Rfc8 24. g3 Bd8 25. Qf1 a5 26. Rxb5 Rxb5 27. Nxc4 Rcb8 28. Nfd2
Qd7 29. Qa1 Ra8 30. Kg2 Rb7 31. Ba4 Nxa4 32. Rxa4 Bc7 33. Qa3 Qb5 34. h4 h5 35.
Qa2 g6 36. Qa1 Kg7 37. Qa3 Qd7 38. Nb3 Qd8 39. Nbd2 Rb5 40. Nb3 Bb6 41. Qa2 Bc7
42. Na3 Rb7 43. Nc4 Qd7 44. Qa3 Rab8 0-1

[Event "Astana Zhuldyzdary Open A"]
[Site "Astana KAZ"]
[Date "2023.07.11"]
[Round "1.19"]
[White "Irgaliyev, Alikhan"]
[Black "Nogerbek, Kazybek"]
[Result "0-1"]
[BlackTitle "IM"]
[WhiteElo "2082"]
[BlackElo "2504"]
[WhiteFideId "13705610"]
[BlackFideId "13710427"]
[EventDate "2023.07.11"]

1. d4 Nf6 2. Nc3 d5 3. Bf4 c5 4. e3 cxd4 5. exd4 a6 6. Nf3 Bg4 7. Be2 Bxf3 8.
Bxf3 Nc6 9. O-O e6 10. Ne2 Bd6 11. c3 O-O 12. Re1 b5 13. g3 Rc8 14. Qd3 Bxf4 15.
Nxf4 Qb6 16. b4 a5 17. a3 Ne7 18. Qd2 Nf5 19. Nd3 Nd6 20. Nc5 Rc7 21. Be2 Ra8
22. Ra2 Rca7 23. Rea1 h6 24. Bd3 Qc7 25. Qe2 Qb6 26. Kg2 a4 27. Re1 Re8 28. Qf3
Rae7 29. Rae2 Qc6 30. h4 Nd7 31. Qe3 Nb6 32. Qc1 Nbc4 33. f4 Qc7 34. Kh3 Qc8 35.
Kh2 f5 36. Bxc4 Nxc4 37. Re5 g6 38. h5 gxh5 39. Qd1 Nxe5 40. Rxe5 Rf8 41. Qxh5
Qe8 42. Qh4 Kh7 43. g4 fxg4 44. Rh5 Rf6 45. Kg3 Qf8 46. Nd3 Rc7 47. Nc5 Rxf4 48.
Rxh6+ Qxh6 49. Qxh6+ Kxh6 50. Kxf4 Kh5 0-1

[Event "Astana Zhuldyzdary Open A"]
[Site "Astana KAZ"]
[Date "2023.07.11"]
[Round "1.20"]
[White "Kazhgaleyev, Murtas"]
[Black "Ulkhanov, Azamat"]
[Result "1-0"]
[WhiteTitle "GM"]
[WhiteElo "2503"]
[BlackElo "2064"]
[WhiteFideId "13700316"]
[BlackFideId "13700235"]
[EventDate "2023.07.11"]

1. d4 d6 2. e4 g6 3. c4 Bg7 4. Nc3 Nf6 5. Be2 O-O 6. Nf3 e5 7. O-O exd4 8. Nxd4
Re8 9. f3 Nc6 10. Be3 Nh5 11. Nxc6 bxc6 12. Qd2 Qh4 13. Rad1 a5 14. Bf2 Qf4 15.
c5 Rb8 16. g3 Qxd2 17. Rxd2 Bf8 18. Bc4 Rb4 19. b3 Be6 20. Bxe6 Rxe6 21. Na4 Nf6
22. cxd6 cxd6 23. Rc2 c5 24. Rd1 Nd7 25. Be1 Rb5 26. Bc3 Be7 27. Nb2 Nb6 28. Nc4
a4 29. Na3 axb3 30. Rb2 Rb4 31. Bxb4 cxb4 32. Rxb3 d5 33. exd5 Nxd5 34. Rxd5
bxa3 35. Kf1 Kg7 36. Rd7 h5 37. Rbb7 Kf8 38. f4 Re4 39. Rb5 h4 40. Re5 Rxe5 41.
fxe5 hxg3 42. hxg3 Bb4 43. Rc7 Ba5 44. Ra7 Bc3 45. e6 fxe6 46. Rxa3 Be5 1-0

[Event "Astana Zhuldyzdary Open A"]
[Site "Astana KAZ"]
[Date "2023.07.11"]
[Round "1.21"]
[White "Amirali, Abzal"]
[Black "Suleymenov, Alisher"]
[Result "1/2-1/2"]
[BlackTitle "IM"]
[WhiteElo "2062"]
[BlackElo "2499"]
[WhiteFideId "13733346"]
[BlackFideId "13707833"]
[EventDate "2023.07.11"]

1. e4 c5 2. Nf3 d6 3. d4 cxd4 4. Nxd4 Nf6 5. Nc3 a6 6. Bg5 Nc6 7. Bc4 e6 8. Bb3
Qa5 9. Bxf6 gxf6 10. O-O Bd7 11. Kh1 Qc5 12. Nxc6 bxc6 13. f4 Be7 14. Qd3 a5 15.
Rad1 Rd8 16. Qh3 h5 17. Qg3 Kf8 18. f5 e5 19. Qe1 Rb8 20. Rf3 Bc8 21. Rh3 Ba6
22. Qg3 Rb4 23. Qf3 h4 24. g3 Rd4 25. Re1 Rd2 26. Rxh4 Rxh4 27. gxh4 Qf2 28. Qg3
d5 29. exd5 cxd5 30. Qxf2 Rxf2 31. Bxd5 Rxf5 32. Ne4 Rh5 33. Ng3 Rxh4 34. Re4
Rh8 35. Ra4 Bd8 36. Nf5 Bb5 37. Re4 Bd7 38. Nd6 Ke7 39. Nxf7 Rf8 40. Nxd8 Rxd8
41. c4 Rb8 42. b3 Kd6 43. Rh4 Bf5 44. Kg2 Bb1 45. Rh6 Ke7 46. Kf2 Bxa2 47. Rh7+
Kd6 48. Ra7 f5 49. Ra6+ Kc7 50. Rxa5 Bxb3 51. Ra6 Rh8 52. Kg2 e4 53. Rf6 Rh5 54.
Kg3 Bc2 55. h4 Bb3 56. Kf4 Rxh4+ 57. Kxf5 Bc2 58. Kg5 Rh7 59. Rf7+ Rxf7 60. Bxf7
e3 61. Bh5 Bd3 62. Kf4 e2 63. Bxe2 Bxe2 64. c5 Kc6 65. Ke3 Bh5 66. Kf2 Kxc5 1/2-1/2

[Event "Astana Zhuldyzdary Open A"]
[Site "Astana KAZ"]
[Date "2023.07.11"]
[Round "1.23"]
[White "Akhilbay, Imangali"]
[Black "Ohanyan, Emin"]
[Result "0-1"]
[BlackTitle "IM"]
[WhiteElo "2049"]
[BlackElo "2489"]
[WhiteFideId "13734857"]
[BlackFideId "13312022"]
[EventDate "2023.07.11"]

1. e4 c5 2. Nf3 e6 3. c3 d5 4. e5 d4 5. Bd3 Bd7 6. O-O Bc6 7. Na3 Ne7 8. Re1 Ng6
9. g3 Nd7 10. cxd4 cxd4 11. Nxd4 Ndxe5 12. Nxc6 Nxc6 13. Be4 Rc8 14. Nc2 Be7 15.
d4 O-O 16. Be3 Bf6 17. Qd3 Kh8 18. Qb5 Rc7 19. Rad1 Nge7 20. Qh5 g6 21. Qf3 Bg7
22. Bg5 h6 23. Bf6 Bxf6 24. Qxf6+ Kh7 25. h4 Nf5 26. Qxd8 Rxd8 27. d5 Rcd7 28.
Rd3 exd5 29. Bxf5 gxf5 30. Rf3 d4 31. Rxf5 d3 32. Ne3 Nd4 33. Rf6 Kg7 34. Rf4
Ne2+ 35. Kf1 Nxf4 36. gxf4 Kg6 37. f3 Rd4 38. f5+ Kh5 39. Ng4 d2 40. Rd1 Rxg4 0-1

[Event "Astana Zhuldyzdary Open A"]
[Site "Astana KAZ"]
[Date "2023.07.11"]
[Round "1.24"]
[White "Madaminov, Mukhiddin"]
[Black "Kuziev, Miraziz"]
[Result "1-0"]
[WhiteTitle "IM"]
[WhiteElo "2471"]
[BlackElo "2049"]
[WhiteFideId "14210703"]
[BlackFideId "14215772"]
[EventDate "2023.07.11"]

1. e4 e5 2. Nf3 Nc6 3. Bb5 a6 4. Ba4 Nf6 5. O-O d6 6. c3 g6 7. d4 Bd7 8. Re1 Bg7
9. h3 O-O 10. Bc2 Nh5 11. a4 b5 12. Bg5 Qc8 13. d5 Na5 14. Nbd2 Nf4 15. b4 Nb7
16. axb5 axb5 17. Bb3 c5 18. dxc6 Qxc6 19. Bxf4 exf4 20. Bd5 Qb6 21. Rxa8 Rxa8
22. Qb3 Be8 23. c4 Ra1 24. Rxa1 Bxa1 25. cxb5 Qxb5 26. Nc4 Bc6 27. Bxf7+ Kg7 28.
Na3 Qb6 29. Nc2 Bf6 30. Bd5 Bb5 31. Na3 Nd8 32. Nxb5 Qxb5 33. Kh2 Nc6 34. Bxc6
Qxc6 35. Qe6 Qb7 36. Qxd6 Qxe4 37. Qc7+ Kh6 38. b5 1-0